200 Geograficznych pytań - Statystyki

Ogólne statystyki
  • Ten quiz został rozwiązany 39 razy
  • Średni wynik to 62 z 200
Statystyki odpowiedzi
Podpowiedź Odpowiedź % Poprawnych
Niemal 80% ludności tego Europejskiego państwa to muzułmanie Albania
69%
Tym morzem z Turcji dopłyniemy do Ukrainy Czarne
69%
Najludniejsze miasto tego regionu to Rovaniemi Laponia
69%
Jedyne państwo w Europie, które nadal praktykuje karę śmierci Białoruś
66%
Brytyjskie terytorium zależne posiadające granicę lądową z Hiszpanią Gibraltar
66%
Stolica Afganistanu Kabul
66%
Najchętniej odwiedzane polskie Miasto Kraków
66%
To państwo graniczy z Bułgarią od południa Rumunia
66%
Najgłębsze jezioro świata Bajkał
63%
Ten kanał oddziela Francję od Wielkiej Brytanii La Manche
63%
Pasmo górskie oddzielające Francję od Hiszpanii Pireneje
63%
Na tej pustyni może padać śnieg w zimie Sahara
63%
Ten sąsiad Bośni i Hercegowiny jest Państwem śródlądowym Serbia
63%
Najrzadziej zaludnione województwo Polski Warmińsko-Mazurskie
63%
Europejska rzeka przepływająca przez największą liczbę krajów Dunaj
60%
Wyspy Galapagos należą do tego państwa Ekwador
60%
Najmniejszy sąsiad Francji Monako
60%
To państwo leży na wielu wyspach, dwie główne to Tobago oraz... Trynidad
60%
Tylko na terenie tego państw można spotkać naturalnie Warana z Komodo Indonezja
57%
Stolicą tego państwa jest Bagdad Irak
57%
Najdłuższa rzeka płynąca przez Chiny Jangcy
57%
To największe państwo posiadające jednego sąsiada Kanada
57%
Najbardziej zasolony zbiornik wodny świata Morze Martwe
57%
Samozwańcze państwo znajdujące się na terenie Mołdawii Naddniestrze
57%
W tym państwie znajduje się antypoda Hiszpanii Nowa Zelandia
57%
Na terenach tego państwa urodził się Św. Mikołaj Turcja
57%
To ten kontynent na fladze Olimpijskiej jest reprezentowany przez kolor żółty Azja
54%
To państwo uzyskało niepodległość 21 maja 2006 roku Czarnogóra
54%
Ten kraj posiada najstarszą flagę narodową Dania
54%
Afrykańskie państwo enklawa Lesotho
54%
Miasto znane z Oktoberfest Monachium
54%
Najrzadziej zaludnione państwo świata Mongolia
54%
Na tym morzu leży wyspa Cypr Śródziemne
54%
Najstarszy park narodowy na świecie Yellowstone
54%
Stolica Madagaskaru Antananarywa
51%
Ten kraj graniczy z Sudanem od Wschodu Czad
51%
Ten kraj ma najwięcej elektrowni geotermalnych na świecie Islandia
51%
To Państwo poza Arabią Saudyjską nie ma żadnych sąsiadów Katar
51%
Kanał skracający podróż z Europy do Indii Sueski
51%
Wyspa Pitcairn to terytorium zamorskie tego państwa Wielka Brytania
51%
Największe Jezioro Węgier Balaton
49%
Nazwa zatoki rozdzielającej Szwecję od Finlandii Botnicka
49%
Struktury Moai leżą na wyspie należącej do którego państwa Chile
49%
Senegal to jedyny sąsiad tego państwa Gambia
49%
Największa wyspa należąca do Szwecji Gotlandia
49%
Ten meksykański stan nazywa się tak samo jak półwysep Jukatan
49%
Rosyjski półwysep słynący z dużej aktywności wulkanicznej Kamczatka
49%
Najdłuższa rzeka Afryki zachodniej Niger
49%
W tym kraju znajduje się wodospad Angel – najwyższy wodospad na świecie Wenezuela
49%
Nazwa wyspy, na której leży Sri Lanka Cejlon
46%
Jest to jedno z dwóch państw Ameryki południowej gdzie obowiązuje ruch lewostronny Gujana
46%
Terytorium sporne między Chinami, Pakistanem i Indiami Kaszmir
46%
Największa wyspa z Balearów Majorka
46%
Tym zbiornikiem wodnym dopłyniemy z Iranu do Kazachstanu Morze Kaspijskie
46%
To miasto ma więcej kanałów niż Wenecja Amsterdam
43%
Najmniejszy kraj leżący na wyspie Borneo Brunei
43%
Sąsiad Turcji, który pisze cyrylicą Bułgaria
43%
Kraj ten ma najwięcej granic wewnętrznych (stanowych/prowincjonalnych) Indie
43%
Stolica najbardziej zachodniego obwodu rosyjskiego Kaliningrad
43%
Największe miasto portowe Litwy Kłajpeda
43%
Drugie co do wielkości słowackie miasto Koszyce
43%
Najbardziej wschodni stan w USA Maine
43%
Wyspa leżąca na Morzu Irlandzkim Man
43%
Największe miasto na świecie, które nie jest stolicą kraju Szanghaj
43%
Rzeka płynąca przez Rzym Tyber
43%
Stolicą tego autonomicznego regionu jest Lhasa Tybet
43%
To największe jezioro Afryki Wiktorii
43%
Dawniej to miasto nosiło nazwę Stalingrad Wołgograd
43%
Kraj większy od Jemenu, przez którego terytorium nie przepływa żadna rzeka Arabia Saudyjska
40%
Największe miasto Kraju Basków Bilbao
40%
Cieśnina łącząca Morze Egejskie z Morzem Czarnym Bosfor
40%
Najwyższy szczyt Ameryki Północnej Denali
40%
Największe miasto Szwajcarii z dominującym językiem francuskim Genewa
40%
Graniczy z Dżibuti i leży na równiku Somalia
40%
Kraj ten posiada największą ilość piramid na świecie Sudan
40%
Najwyższy szczyt Bieszczad Tarnica
40%
Flaga tego archipelagu składa się z czerwono-niebieskiego krzyża nordyckiego na białym tle Wyspy Owcze
40%
W tym kraju znajduje się największy lodowiec poza Antarktydą Argentyna
37%
Jedyne państwo Ameryki Środkowej posiadające czterech sąsiadów Gwatemala
37%
Największa chorwacka wyspa Krk
37%
Nad tą rzeką leży Jakuck Lena
37%
Większość granicy tajsko-laotańskiej przebiega wzdłuż tej rzeki Mekong
37%
Kiedyś na tym terenie znajdowała się Niemiecka Afryka Południowo-Zachodnia, a teraz? Namibia
37%
Dawna nazwa Tajlandii Syjam
37%
Największe państwo podwójnie śródlądowe Uzbekistan
37%
Najwyższy szczyt Ameryki Południowej Aconcagua
34%
Stolica Korsyki Ajaccio
34%
To państwo leży na czterech półkulach Ziemii Kiribati
34%
W tym państwie znajduje się miasto Tobruk Libia
34%
Największy posąg siedzącego Buddy na świecie znajduje się w tym państwie Mjanma
34%
Przed epoką kolonialną Zanzibar był głównie kontrolowany przez to państwo Oman
34%
Ta wyspa znajdująca się na północ od Australii jest podzielona między dwoma państwami i jest większa od Polski Papua
34%
Największy grecki półwysep Peloponez
34%
W tym kraju znajduje się najdłuższy tunel kolejowy na świecie Szwajcaria
34%
Ta wyspa znajdująca się na północ od Australii jest podzielona między dwoma państwami i jest mniejsza od Polski Timor
34%
Rzeka, która trzeba przekroczyć aby dostać się z Urugwaju do Argentyny Urugwaj
34%
Jest to region francuski, w którym używa się języka celtyckiego Bretania
31%
To morze ma najwyższą średnią temperaturę Czerwone
31%
Ta rzeka przepływa przez Rygę Dźwina
31%
Największe miasto Wietnamu Ho Chi Minh
31%
Na terenie tego miasta można znaleźć Petronas Towers Kuala Lumpur
31%
W tym kraju leży miasto Timbuktu Mali
31%
To państwo ma największa gęstość zaludnienia z tych, które przekraczają powierzchnię 10000km² Bangladesz
29%
To państwo afrykańskie ma hiszpański jako jeden z języków urzędowych Gwinea Równikowa
29%
Miasto to według Urban Mobility Readiness Index 2022 ma najlepszą komunikacje miejską Hong Kong
29%
Stolica Tyrolu Innsbruck
29%
Temu stanowi przypisuje się skrót MS Missouri
29%
Ten francuski region znany jest z produkcji win musujących Szampania
29%
Kluż-Napoka to największe miasto tej krainy geograficznej Transylwania
29%
Stolicą tej gruzińskieh republiki autonomicznej jest Suchumi Abchazja
26%
Ten hiszpański region ma najwięcej mieszkańców Andaluzja
26%
Najbardziej zanieczyszczone odpadami militarnymi morze świata Bałtyckie
26%
Jedyna dzielnica Nowego Jorku, która nie znajduje się na wyspie Bronx
26%
Ten stan był Amerykańskim terytorium do 1959 roku Hawaje
26%
Jako jedyna flaga państwowa tego kraju nie zawiera niebieskiego, białego oraz czerwonego Jamajka
26%
Republika Rosji, na zachód od niej leży Finlandia Karelia
26%
Rzeka w Hamburgu Łaba
26%
Największe miasto portowe Kenii Mombasa
26%
To francuskie terytorium zależne jest położone bardzo blisko Mauritiusu Reunion
26%
To część Belgii, w której dominuje język francuski Walonia
26%
Najmniejszy kraj związkowy Niemiec Brema
23%
W tym kraju znajduje się najniżej położony punkt na lądzie Jordania
23%
Stolica Zambii Lusaka
23%
Z tym państwem graniczy prowincja Formosa Paragwaj
23%
Nazwa zatoki oddzielającej Somalię od Jemenu Adeńska
20%
Największa wyspa Tunezji Dżerba
20%
Największe miasto Krety Heraklion
20%
Największe miasto stanu Minnesota Minneapolis
20%
Drugie najludniejsze miasto Algierii, toczy się tu akcja "Dżumy" Oran
20%
Stolicą tego stanu jest Kurytyba Parana
20%
Ta amerykańska wyspa wchodzi w skład trójkąta bermudzkiego Portoryko
20%
W krajach południowo-słowiańskich to miasto bywa nazywane Tsarigrad Stambuł
20%
Najludniejsze miasto Namibii Windhuk
20%
Stolica australijskiego stanu, który graniczy z każdym innym australijskim stanem na kontynencie Adelaide
17%
Ta zatoka oddziela Egipt od Arabii Saudyjskiej Akaba
17%
Domeną internetową tego kraju jest .dz Algieria
17%
Wyspa znajdująca się na archipelagu małych Antyli, która jako jedyna nie ma budowy wulkanicznej Barbados
17%
Od tego niemieckiego miasta wzięła się nazwa jednego z Polskich województw Lubusz
17%
Najbardziej okrągłe państwo świata Sierra Leone
17%
Największa wyspa nalężąca do Jemenu, cechuje się wysoką bioróżnorodnością Sokotra
17%
Drugim największym miastem tego państwa jest Bulawayo Zimbabwe
17%
Wyspa ze stolicą w Oranjestad Aruba
14%
W tym mieście znajduje się najruchliwszy port lotniczy Atlanta
14%
Do 23 grudnia 2018 roku była to stolica Burundi Bużumbura
14%
Stolica Tasmanii Hobart
14%
Najwyższa góra mierzona od podłoża do szczytu Mauna Kea
14%
Ostatni ptak dodo został zabity w tym kraju Mauritius
14%
Najbardziej na wschód położone miasto Estonii Narwa
14%
Nadmorskie miasto Bośnii Neum
14%
Największe miasto nadwiślańskie znajdujące się pomiędzy Krakowem a Warszawą Puławy
14%
Jak nazywa się tajemnicza wyspa w Indiach, której mieszkańcy zabijają każdego, kto próbuje się zbliżyć? Sentinel Północny
14%
Jedna z atrakcji turystycznych Turkmenistanu powstała na skutek podpalenia gazu ziemnego Wrota piekieł
14%
Stolicą tej prowincji jest Ushuaia Ziemia Ognista
14%
Jest największym miastem położonym poniżej poziomu morza Baku
11%
Najbardziej otyły kraj w Europie Chorwacja
11%
Największa chińska wyspa Hajnan
11%
Rzeka, od której pochodzi nazwa kraju leżącego na azjatyckim subkontynencie Indus
11%
Największe jezioro Kirgistanu Issyk-kul
11%
Prowincja angolska stanowiąca eksklawę Kabinda
11%
Stolicą tego obwodu jest Sankt Petersburg Leningradzki
11%
Największa wyspa należąca do Francji Nowa Kaledonia
11%
Największym miastem tej wyspy jest Christchurch Południowa
11%
W tym australijskim stanie populacja kangurów jest czterokrotnie większa od tej ludzkiej Queensland
11%
Chińska prowincja zamieszkana przez Ujgurów Sinciang
11%
Stolica tego państwa posiada najniższą średnią temperaturę roczną ze wszystkich stolic Ułan Bator
11%
Stolica Nowej Akwitanii Bordeaux
9%
Najdalej położony punkt od jądra Ziemii Chimborazo
9%
Nazwa parku narodowego znajdujący się w Panamie, w przesmyku o tej samej nazwie, przez który niemożliwe jest przejechanie samochodem z Ameryki Północnej do Południowej Darien
9%
Największa prefektura Japonii Hokkaido
9%
W tym mieście znajduje się najdłuższy rynek w Europie Pułtusk
9%
Najbardziej północna wyspa Niemiec Sylt
9%
Największe miasto na wyspie Vancouver Victoria
9%
Najbardziej zachodni stan Brazylii Acre
6%
W tym mieście otwarto pierwszy Legoland Billund
6%
Na cześć tego herosa nazwano dwie wyspy pomiędzy którymi przechodzi linia zmiany daty Diomedes
6%
Trzecia największa włoska wyspa Elba
6%
.gg to domena Guernsey
6%
Największa jednostka podziału litosfery Płyta tektoniczna
6%
Najludniejsze miasto prowincji Saskatchewan Saskatoon
6%
To najbardziej wysunięty na zachód punkt kontynentalnej Afryki Zielony Przylądek
6%
Jedyna indonezyjska prowincja, w której obowiązuje prawo szariatu Aceh
3%
Największa prowincja Pakistanu Beludżystan
3%
Norweska wyspa leżąca 1600km na północ od Antarktyki Bouvet
3%
Malajalam jest językiem urzędowym tego stanu Kerala
3%
Największe miasto Andamanów Port Blair
3%
Na powierzchni tego jeziora znajduje się trójstyk grecko-macedońsko-albański Prespa
3%
Stolica prowincji Saskatchewan Regina
3%
Najbardziej wschodni stan Malezji Sabah
3%
Najmniejszy stan Meksyku Tlaxcala
3%
Ten korytarz oddziela Pakistan od Tadżykistanu Wachański
3%
Najbardziej sucha zamieszkana miejscowość na świecie Arica
0%
Na cześć tego miasta nazwano efekt polegający na tendencji do pomijania miasta (lub innego obiektu) na mapach ze względu na ograniczenia przestrzenne, podczas gdy mniejsze miasta są uwzględniane na tej samej mapie po prostu dlatego, że jest w jakiś sposób ważniejsze Baltimore
0%
Największa niezamieszkała wyspa świata Devon
0%
Największe miasto stosujące strefę czasową GMT+6 Dhaka
0%
To miasto na świecie jest zamieszkiwane przez więcej dzikich zwierząt niż ludzi Kolmanskop
0%
To miasto nad Zatoką Kalifornijską ma taką samą nazwę jak stolica innego państwa La Paz
0%
Pustynia ta ma najwyższą średnią temperaturę na świecie Lut
0%
To jezioro zawiera tyle dwutlenku węgla, że potrafi „udusić” wszystko wokół Nyos
0%
Największe miasto wyspy Jersey Saint Heller
0%
Największa jednostka administracyjna Uzbekistanu Wilajet
0%
Nie znaleziono quizów pasujących do podanych kryteriów
Rozkład punktacji
Procent ludzi z każdym wynikiem
Percentyl według liczby udzielonych odpowiedzi
Twoja historia wyników
Nie rozwiązałeś tego quizu